[Event "Sparkassen-Open A"]
[Site "Heusenstamm, Martinsee"]
[Date "2016.11.27"]
[Round "2.58"]
[White "Engel, Berthold"]
[Black "Altenbernd, Dirk"]
[Result "1-0"]
[WhiteElo "2153"]
[BlackElo "1902"]
[PlyCount "59"]
[EventDate "2016.??.??"]
[WhiteTeam "BG Buchen"]
[BlackTeam "SG Osnabrück"]

1. e4 c6 2. Nf3 g6 3. d4 Bg7 4. Bd3 d5 5. e5 h5 6. O-O Nh6 7. Re1 e6 8. b3 b6
9. c4 Nf5 10. Bg5 Qd7 11. Nc3 Bb7 12. Rc1 Bh6 13. Bxf5 gxf5 14. cxd5 cxd5 15.
Ne2 Bxg5 16. Nxg5 h4 17. Nf4 Qe7 18. Ngxe6 fxe6 19. Ng6 Qh7 20. Nxh8 Nc6 21. b4
Kd7 22. Qd2 Rxh8 23. Re3 Qe7 24. a3 Ba6 25. Rh3 Bc4 26. Qf4 Qh7 27. g3 Qh6 28.
Rxh4 Nxd4 29. Rxh6 Ne2+ 30. Kh1 1-0

[Event "Sparkassen-Open A"]
[Site "Heusenstamm, Martinsee"]
[Date "2016.11.27"]
[Round "2.59"]
[White "Khudovekov, Maxim"]
[Black "Bethke, Richard"]
[Result "1-0"]
[WhiteElo "1908"]
[BlackElo "2104"]
[PlyCount "81"]
[EventDate "2016.??.??"]
[WhiteTeam "SK Smolensk"]
[BlackTeam "SC Gelnhausen"]

1. f4 d5 2. Nf3 Nf6 3. g3 Bf5 4. Bg2 h6 5. O-O e6 6. d3 Bc5+ 7. Kh1 Ng4 8. Qe1
Be3 9. h3 Bxc1 10. Qxc1 Nf6 11. Nd4 Bh7 12. c4 c6 13. f5 dxc4 14. Qxc4 Nh5 15.
Rf3 e5 16. Nb3 Bxf5 17. g4 Be6 18. Qe4 Nf4 19. Qxe5 Nxg2 20. Qxg7 Rf8 21. Kxg2
h5 22. Nd4 hxg4 23. hxg4 Qd7 24. Nc3 c5 25. Nxe6 Qxe6 26. Qg5 Qc6 27. Nd5 Qd6
28. Rf6 Qd7 29. Qe5+ Kd8 30. Rd6 Nc6 31. Rxd7+ Kxd7 32. Qc7+ Ke6 33. Nf4+ Kf6
34. Qd6+ Kg7 35. Nh5+ Kh7 36. Qf6 Rg8 37. Qxf7+ Kh6 38. Ng7 Raf8 39. Rh1+ Kg5
40. Ne6+ Kxg4 41. Qh5# 1-0

[Event "Sparkassen-Open A"]
[Site "Heusenstamm, Martinsee"]
[Date "2016.11.27"]
[Round "2.61"]
[White "Lotz, Ralf"]
[Black "Schweizer, Manfred"]
[Result "0-1"]
[WhiteElo "1900"]
[BlackElo "2044"]
[PlyCount "48"]
[EventDate "2016.??.??"]
[WhiteTeam "SC Obertshausen"]
[BlackTeam "Post-SV Memmingen"]

1. d4 Nf6 2. Nf3 c5 3. e3 g6 4. Bd3 Bg7 5. O-O b6 6. Qe2 O-O 7. c3 Bb7 8. Nbd2
d5 9. b3 Nbd7 10. Bb2 Ne4 11. Rfd1 e6 12. Rac1 f5 13. Ne1 e5 14. Nf1 Nd6 15.
dxe5 Nxe5 16. Ba6 Bc6 17. Nd3 Nxd3 18. Bxd3 Qf6 19. Ba1 Rae8 20. c4 d4 21. Qd2
Qg5 22. g3 Qg4 23. exd4 cxd4 24. f4 Qf3 0-1

[Event "Sparkassen-Open A"]
[Site "Heusenstamm, Martinsee"]
[Date "2016.11.27"]
[Round "2.62"]
[White "Hentzgen, Thomas"]
[Black "Lesny, Florian"]
[Result "1/2-1/2"]
[WhiteElo "2042"]
[BlackElo "1889"]
[PlyCount "48"]
[EventDate "2016.??.??"]
[WhiteTeam "USV Halle"]
[BlackTeam "SK Niederbrechen"]

1. c4 c5 2. Nc3 Nc6 3. g3 g6 4. Bg2 Bg7 5. e4 e6 6. Nge2 Nge7 7. d3 d6 8. Be3
Nd4 9. O-O O-O 10. Qd2 Nec6 11. Bh6 Nxe2+ 12. Nxe2 Bxh6 13. Qxh6 Qf6 14. Qd2
Nd4 15. Nxd4 Qxd4 16. Rab1 a5 17. Qc3 a4 18. Qxd4 cxd4 19. f4 Rb8 20. Rfc1 Bd7
21. b4 axb3 22. Rxb3 Bc6 23. e5 dxe5 24. fxe5 Ra8 1/2-1/2

[Event "Sparkassen-Open A"]
[Site "Heusenstamm, Martinsee"]
[Date "2016.11.27"]
[Round "2.63"]
[White "Martin, Reiner"]
[Black "Tojcic, Josip"]
[Result "1-0"]
[WhiteElo "2014"]
[BlackElo "1850"]
[PlyCount "99"]
[EventDate "2016.??.??"]
[WhiteTeam "SC Bad Soden"]
[BlackTeam "Frankfurter TV"]

1. Nf3 Nf6 2. c4 e6 3. g3 b6 4. Bg2 Bb7 5. O-O Be7 6. d4 O-O 7. Nc3 c6 8. b3 d5
9. Bb2 Qc7 10. Rc1 dxc4 11. bxc4 Nbd7 12. e4 Rad8 13. Qe2 Qb8 14. Rfd1 Rfe8 15.
e5 Ng4 16. Nd2 Nh6 17. f4 Nf5 18. Nf3 Bb4 19. a3 Bxc3 20. Bxc3 Nf8 21. Ng5 Ne7
22. Qh5 g6 23. Qe2 Nd7 24. Ne4 Nc8 25. Qg4 Kg7 26. Qh4 Rh8 27. g4 h5 28. gxh5
Rdg8 29. Nf6 Nxf6 30. Qxf6+ Kf8 31. Qd8+ Kg7 32. Qf6+ Kf8 33. hxg6 Qc7 34. Bb4+
Ke8 35. d5 exd5 36. e6 fxg6 37. cxd5 c5 38. Bc3 Rh7 39. Be5 Nd6 40. e7 Qxe7 41.
Qxd6 Qxd6 42. Bxd6 Kd7 43. Be5 g5 44. f5 Re8 45. Bc3 Kd6 46. Re1 Rhe7 47. Re6+
Rxe6 48. dxe6 Bc8 49. Rd1+ Kc7 50. Be5# 1-0

[Event "Sparkassen-Open A"]
[Site "Heusenstamm, Martinsee"]
[Date "2016.11.27"]
[Round "2.64"]
[White "Thomas, Tobias"]
[Black "Skarke, Harald"]
[Result "1-0"]
[WhiteElo "1842"]
[BlackElo "2013"]
[PlyCount "73"]
[EventDate "2016.??.??"]
[WhiteTeam "SK Langen"]
[BlackTeam "SF Neuberg"]

1. e4 c5 2. Nc3 e6 3. f4 a6 4. Nf3 Qc7 5. d3 d6 6. Be2 Be7 7. O-O Nc6 8. Qe1
Nf6 9. Bd1 Nd4 10. Be3 Nxf3+ 11. Bxf3 Rb8 12. Qg3 g6 13. Rae1 b5 14. f5 b4 15.
Ne2 gxf5 16. exf5 Rg8 17. Qf2 e5 18. Ng3 d5 19. Nh5 Bb7 20. Nxf6+ Bxf6 21. Bxc5
Rc8 22. Bxb4 Kd7 23. Re2 a5 24. Ba3 d4 25. Bxb7 Qxb7 26. Qf3 Qb5 27. Qe4 h5 28.
b3 Rg4 29. Qf3 Rcg8 30. Bc1 h4 31. Bd2 Kd6 32. Be1 Qd5 33. Qxd5+ Kxd5 34. h3
R4g7 35. Bxa5 Ra8 36. Be1 Rxa2 37. c4+ 1-0

[Event "Sparkassen-Open A"]
[Site "Heusenstamm, Martinsee"]
[Date "2016.11.27"]
[Round "2.65"]
[White "Will, Jens"]
[Black "Lukas, Hubertus"]
[Result "1-0"]
[WhiteElo "2011"]
[BlackElo "1816"]
[PlyCount "97"]
[EventDate "2016.??.??"]
[WhiteTeam "SK Gernsheim"]
[BlackTeam "SC Siersburg"]

1. c4 f5 2. d4 Nf6 3. Nc3 e6 4. d5 e5 5. Qc2 e4 6. f3 Bc5 7. Bg5 O-O 8. O-O-O
h6 9. Bxf6 Qxf6 10. fxe4 Na6 11. Nf3 d6 12. Qd2 f4 13. Nd4 Bd7 14. g3 fxg3 15.
hxg3 Rae8 16. Bg2 Bxd4 17. Qxd4 Qg5+ 18. Kb1 Qxg3 19. Bf3 Qe5 20. Qd2 Rf4 21.
Rdg1 Qf6 22. Bh5 Re5 23. Bg6 Rg5 24. Bf5 Rfxf5 25. exf5 Bxf5+ 26. e4 Bg6 27.
Rxg5 hxg5 28. Rg1 Nc5 29. Qxg5 Qxg5 30. Rxg5 Kf7 31. Rg4 Kf6 32. Kc2 Nd7 33. b3
Bh5 34. Rg3 a6 35. Kd3 g5 36. b4 g4 37. Ke3 Kg5 38. Ne2 Ne5 39. c5 Be8 40. Rg1
Nc4+ 41. Kd4 Ne5 42. Rh1 Bb5 43. Ng1 Kf4 44. Rh7 Bd3 45. Rxc7 Bxe4 46. cxd6 Bf5
47. Ne2+ Kf3 48. Kxe5 Bg6 49. Nf4 1-0

[Event "Sparkassen-Open A"]
[Site "Heusenstamm, Martinsee"]
[Date "2016.11.27"]
[Round "2.66"]
[White "Wüstehube, Harry"]
[Black "Huschens, Matthias"]
[Result "0-1"]
[WhiteElo "1884"]
[BlackElo "1950"]
[PlyCount "122"]
[EventDate "2016.??.??"]
[WhiteTeam "Kasseler SK"]
[BlackTeam "SG Kaiserslautern"]

1. e4 d6 2. d4 Nf6 3. Nc3 g6 4. Be3 c6 5. f3 b5 6. Qd2 Nbd7 7. Nh3 Qc7 8. Nf2
Bg7 9. Be2 O-O 10. Bh6 b4 11. Ncd1 a5 12. Bxg7 Kxg7 13. O-O Ba6 14. c4 c5 15.
d5 Nb6 16. b3 a4 17. Ne3 Bc8 18. f4 Nbd7 19. Bd3 Ra6 20. Bc2 Bb7 21. bxa4 Nb6
22. a3 b3 23. Bxb3 Nxa4 24. Rfb1 Kg8 25. Bxa4 Rxa4 26. Qb2 Ra7 27. a4 Nd7 28.
Qc2 Rfa8 29. Nfd1 Ba6 30. Nc3 Qa5 31. Nb5 Bxb5 32. cxb5 Qc7 33. Nc4 Nb6 34.
Nxb6 Qxb6 35. Ra3 Rb7 36. Rba1 Qa5 37. Qd3 Qb6 38. Kf1 Qa5 39. Ke2 Qb4 40. Kf3
c4 41. Qc3 Rxa4 42. Qxb4 Rxb4 43. Ra8+ Kg7 44. Rc8 R7xb5 45. Rc1 Rb3+ 46. Kf2
Rb2+ 47. Kf1 Ra5 48. R8xc4 Raa2 49. Rc7 Rf2+ 50. Kg1 Rxg2+ 51. Kh1 Rxh2+ 52.
Kg1 Kf6 53. Re1 Rhe2 54. e5+ dxe5 55. fxe5+ Rxe5 56. Rxe5 Kxe5 57. Rxe7+ Kf6
58. Rb7 Ra6 59. Kf2 Rd6 60. Rb5 h5 61. Kg3 g5 0-1

[Event "Sparkassen-Open A"]
[Site "Heusenstamm, Martinsee"]
[Date "2016.11.27"]
[Round "2.67"]
[White "Kolker, Vladislav"]
[Black "Schubert, Wolfgang"]
[Result "1/2-1/2"]
[WhiteElo "2007"]
[BlackElo "1845"]
[PlyCount "57"]
[EventDate "2016.??.??"]
[WhiteTeam "SC Bad Nauheim"]
[BlackTeam "Wiesbadener SV"]

1. e4 c5 2. Nf3 d6 3. d4 cxd4 4. Nxd4 Nf6 5. Nc3 a6 6. h3 e6 7. g4 Qc7 8. Bg2
Nc6 9. Be3 Nd7 10. f4 Nxd4 11. Bxd4 b5 12. O-O Bb7 13. Qd2 Rc8 14. a3 Nb8 15.
f5 Nc6 16. fxe6 fxe6 17. Be3 Ne5 18. Qf2 Be7 19. Bb6 Qd7 20. Bd4 Bf6 21. Rad1
O-O 22. Qg3 Qe7 23. Qh2 Rcd8 24. b3 h6 25. Ne2 Nd7 26. Bxf6 Nxf6 27. e5 dxe5
28. Bxb7 Qxb7 29. Qxe5 1/2-1/2

[Event "Sparkassen-Open A"]
[Site "Heusenstamm, Martinsee"]
[Date "2016.11.27"]
[Round "2.68"]
[White "Kail, Sindy"]
[Black "Rettig, Helge"]
[Result "1/2-1/2"]
[WhiteElo "1848"]
[BlackElo "2004"]
[PlyCount "115"]
[EventDate "2016.??.??"]
[WhiteTeam "SK Klingenberg"]
[BlackTeam "SF Verl"]

1. e4 c6 2. d4 d5 3. Nc3 dxe4 4. Nxe4 Nd7 5. Ne2 Ngf6 6. N2g3 e6 7. Bf4 Nxe4 8.
Nxe4 Nf6 9. Nxf6+ gxf6 10. c3 Bd6 11. Qf3 Ke7 12. Bd3 Bxf4 13. Qxf4 Qd6 14. Qh4
Bd7 15. f4 Rag8 16. Be4 h5 17. Bf3 c5 18. O-O-O Bc6 19. d5 exd5 20. Rhe1+ Kf8
21. Bxd5 Bxd5 22. c4 Rg4 23. Qf2 Rxg2 24. Qxg2 Qxf4+ 25. Qd2 Qxc4+ 26. Qc3
Qxc3+ 27. bxc3 Bc6 28. Rd8+ Kg7 29. Rg1+ Kh7 30. Rd6 Rg8 31. Rxg8 Kxg8 32. Rxf6
Be4 33. Kd2 Kg7 34. Rd6 Kf8 35. Ke3 Ke7 36. Rh6 Bg6 37. Rh8 Kd6 38. Rd8+ Kc7
39. Rd2 b5 40. Kf4 Kc6 41. Ke5 b4 42. c4 Bb1 43. Rf2 a5 44. Rf6+ Kd7 45. Rxf7+
Kc6 46. Rf6+ Kb7 47. Kd5 Bxa2 48. Kxc5 b3 49. Rf2 Bb1 50. Rf7+ Kc8 51. Rf8+ Kd7
52. Kd4 Bc2 53. Kc3 Kc6 54. Ra8 Kb6 55. c5+ Kb5 56. c6 Kxc6 57. Rxa5 Bd1 58.
Rxh5 1/2-1/2

[Event "Sparkassen-Open A"]
[Site "Heusenstamm, Martinsee"]
[Date "2016.11.27"]
[Round "2.69"]
[White "Niebergall, Gerhard"]
[Black "Reinhold, Günther"]
[Result "1/2-1/2"]
[WhiteElo "2001"]
[BlackElo "1834"]
[PlyCount "85"]
[EventDate "2016.??.??"]
[WhiteTeam "SC Heitersheim"]
[BlackTeam "Frankfurter TV"]

1. d4 Nf6 2. Bf4 d5 3. e3 e6 4. Nd2 c5 5. c3 Nc6 6. Ngf3 Be7 7. Bd3 Bd7 8. Ne5
Rc8 9. g4 h6 10. Qf3 Nxe5 11. Bxe5 Bc6 12. h4 Bd6 13. Bxd6 Qxd6 14. g5 hxg5 15.
hxg5 Rxh1+ 16. Qxh1 Ne4 17. Bxe4 dxe4 18. Nc4 Qf8 19. dxc5 Qxc5 20. O-O-O Bd5
21. Nd2 b5 22. Qh8+ Qf8 23. Qxf8+ Kxf8 24. Nb3 b4 25. Kc2 bxc3 26. bxc3 Ke7 27.
Rd4 Bxb3+ 28. axb3 Rc5 29. Rxe4 Rxg5 30. Ra4 Rg2 31. Rxa7+ Kf6 32. b4 Rxf2+ 33.
Kd3 g5 34. b5 g4 35. Ra4 Rb2 36. Rxg4 Rxb5 37. c4 Rb3+ 38. Kd2 Ke5 39. Rg7 f5
40. Rd7 Ke4 41. Rd4+ Ke5 42. Ke2 Rb6 43. Kf3 1/2-1/2

[Event "Sparkassen-Open A"]
[Site "Heusenstamm, Martinsee"]
[Date "2016.11.27"]
[Round "2.70"]
[White "Köllner, Aaron Noah"]
[Black "Blübaum, Johanna"]
[Result "1-0"]
[WhiteElo "1843"]
[BlackElo "1974"]
[PlyCount "87"]
[EventDate "2016.??.??"]
[WhiteTeam "SV Bergneustadt/Derschlag"]
[BlackTeam "SV Königsspringer Lemgo"]

1. d4 d5 2. Nc3 Nf6 3. Bf4 c6 4. f3 Bf5 5. g4 Bg6 6. h4 h6 7. e3 Nbd7 8. Bd3
Bxd3 9. Qxd3 e6 10. Nh3 Be7 11. O-O-O b5 12. g5 Nh5 13. g6 f6 14. e4 Nb6 15.
exd5 Nxd5 16. Bh2 Nxc3 17. Qxc3 Qd5 18. Kb1 b4 19. Qd3 a5 20. Rhe1 Kd7 21. Re2
Rhe8 22. Rde1 Bd8 23. Nf2 Bb6 24. Rd1 Qb5 25. d5 Qxd3 26. dxe6+ Kc8 27. Nxd3
Ra7 28. Nf4 Nxf4 29. Bxf4 Rae7 30. Rde1 Bc7 31. Bxc7 Kxc7 32. f4 f5 33. Re5 Kd6
34. Rd1+ Kc7 35. Rxa5 Kb6 36. Rxf5 Rxe6 37. h5 R8e7 38. a3 bxa3 39. bxa3 Ra7
40. Kb2 Re3 41. Rd3 Ree7 42. Rf8 Ra5 43. Rb3+ Kc5 44. Rf5+ 1-0

[Event "Sparkassen-Open A"]
[Site "Heusenstamm, Martinsee"]
[Date "2016.11.27"]
[Round "2.71"]
[White "Köllner, Ruben Gideon"]
[Black "Mager, Thomas"]
[Result "1-0"]
[WhiteElo "1979"]
[BlackElo "1832"]
[PlyCount "85"]
[EventDate "2016.??.??"]
[WhiteTeam "SG Bochum"]
[BlackTeam "vereinslos"]

1. d4 f5 2. Bg5 g6 3. Nc3 d5 4. h4 Bg7 5. e3 Be6 6. Nf3 Nf6 7. Bf4 c6 8. h5 Ne4
9. Nxe4 fxe4 10. Ng5 Qa5+ 11. c3 Bd7 12. hxg6 hxg6 13. Rxh8+ Bxh8 14. f3 exf3
15. Qxf3 Na6 16. Bd3 O-O-O 17. a4 Rf8 18. Qe2 Nb8 19. b4 Qd8 20. Kd2 Bf5 21.
Bxf5+ Rxf5 22. g4 Rf6 23. Rh1 Nd7 24. Be5 Nxe5 25. dxe5 Rf8 26. Ne6 Qe8 27.
Nxf8 Qxf8 28. Qh2 Bg7 29. Qf4 Qg8 30. Qg5 Qf7 31. Ke2 d4 32. exd4 Qa2+ 33. Qd2
Qd5 34. Rg1 Qe4+ 35. Kf2 e6 36. Qe2 Qf4+ 37. Kg2 Bh6 38. Rf1 Qg5 39. Kg3 a6 40.
Qf2 Kd7 41. a5 Kc7 42. Qf7+ Kb8 43. Qf4 1-0

[Event "Sparkassen-Open A"]
[Site "Heusenstamm, Martinsee"]
[Date "2016.11.27"]
[Round "2.72"]
[White "Berkes, Jörg"]
[Black "Krastev, Alexander"]
[Result "0-1"]
[WhiteElo "1833"]
[BlackElo "1981"]
[PlyCount "82"]
[EventDate "2016.??.??"]
[WhiteTeam "SK Langen"]
[BlackTeam "Biebertaler SF"]

1. Nf3 c5 2. g3 Nc6 3. Bg2 g6 4. e4 Bg7 5. O-O d6 6. d3 e5 7. Nc3 Nge7 8. Be3
O-O 9. Qd2 f5 10. Bg5 Be6 11. Rad1 Qd7 12. Nh4 Nd4 13. Nd5 Nxd5 14. exd5 Bf7
15. c3 Nb5 16. Bh6 Rae8 17. Bh3 Qd8 18. Bxf5 Bxd5 19. Be4 Bc6 20. Bxc6 bxc6 21.
Bg5 Qd7 22. Be3 Nc7 23. f4 Nd5 24. fxe5 Rxf1+ 25. Rxf1 Rxe5 26. Bh6 Bxh6 27.
Qxh6 Qe7 28. Nf3 Rh5 29. Qd2 Rf5 30. Re1 Qf6 31. Nh4 Re5 32. Rf1 Qe7 33. Rf2
Re1+ 34. Kg2 Ne3+ 35. Kh3 Qe6+ 36. Nf5 Nxf5 37. g4 Ne3 38. Rf4 Rf1 39. Re4 Rf3+
40. Kh4 g5+ 41. Kxg5 Qg6+ 0-1

[Event "Sparkassen-Open A"]
[Site "Heusenstamm, Martinsee"]
[Date "2016.11.27"]
[Round "2.73"]
[White "Schindelmeiser, Frank"]
[Black "Blank, Stefan"]
[Result "1/2-1/2"]
[WhiteElo "1981"]
[BlackElo "1828"]
[PlyCount "93"]
[EventDate "2016.??.??"]
[WhiteTeam "SV Oberursel"]
[BlackTeam "SC Sulzbach"]

1. c4 Nf6 2. g3 g6 3. Nc3 Bg7 4. Bg2 O-O 5. e4 d6 6. Nge2 e5 7. O-O Be6 8. d3
c6 9. h3 Nh5 10. g4 Nf6 11. f4 exf4 12. Nxf4 Nbd7 13. Be3 Ne5 14. Nxe6 fxe6 15.
Qe2 c5 16. Rf2 Nc6 17. Raf1 Qe7 18. Bg5 h6 19. Be3 Nd7 20. Qd2 Rxf2 21. Rxf2
Qh4 22. Nb5 h5 23. g5 Be5 24. Nc7 Rf8 25. Nxe6 Rxf2 26. Bxf2 Bg3 27. Be3 Be5
28. a3 Kf7 29. Nc7 Qg3 30. Nd5 Nd4 31. Qf2+ Qxf2+ 32. Kxf2 Nc2 33. Bc1 Bd4+ 34.
Ke2 Be5 35. b4 Nd4+ 36. Kd1 a6 37. Bf4 Bxf4 38. Nxf4 Ne5 39. bxc5 dxc5 40. h4
Nef3 41. e5 Nxh4 42. Bxb7 a5 43. e6+ Ke7 44. Bc8 Kd8 45. Bb7 Ke7 46. Bd5 Kd6
47. a4 1/2-1/2

[Event "Sparkassen-Open A"]
[Site "Heusenstamm, Martinsee"]
[Date "2016.11.27"]
[Round "2.74"]
[White "Draxler, Gottfried"]
[Black "Mehringer, Jörg"]
[Result "0-1"]
[WhiteElo "1829"]
[BlackElo "1965"]
[PlyCount "78"]
[EventDate "2016.??.??"]
[WhiteTeam "SF Neuberg"]
[BlackTeam "Schachpinguine Berlin"]

1. c4 Nf6 2. g3 g6 3. Bg2 Bg7 4. Nc3 O-O 5. e3 d6 6. d4 Nc6 7. a3 e5 8. d5 Ne7
9. Nge2 Nh5 10. e4 f5 11. exf5 Bxf5 12. O-O Qd7 13. Ne4 h6 14. N2c3 Bh3 15. Bd2
Bxg2 16. Kxg2 Nf5 17. Ne2 Nf6 18. Qc2 Ng4 19. h3 Nf6 20. Rad1 Rf7 21. b4 Raf8
22. Bc1 Nh5 23. c5 Ne7 24. Ng1 Nf6 25. Nxf6+ Rxf6 26. Qc4 Kh7 27. Qc2 dxc5 28.
Qxc5 b6 29. Qc4 Rd6 30. Rfe1 Nxd5 31. Bb2 Nf4+ 32. gxf4 Rxd1 33. Rxd1 Qxd1 34.
Qxc7 Qd5+ 35. Nf3 Rxf4 36. Qc3 Rf7 37. Kg3 e4 38. Ne5 Re7 39. Qc4 Bxe5+ 0-1

[Event "Sparkassen-Open A"]
[Site "Heusenstamm, Martinsee"]
[Date "2016.11.27"]
[Round "2.75"]
[White "Rudolph, Lukas"]
[Black "Schimmer, Michael"]
[Result "0-1"]
[WhiteElo "1874"]
[BlackElo "1815"]
[PlyCount "134"]
[EventDate "2016.??.??"]
[WhiteTeam "SK Niederbrechen"]
[BlackTeam "SC Frankfurt-West"]

1. e4 d6 2. d4 Nf6 3. Nc3 g6 4. Nf3 Bg7 5. Bf4 O-O 6. Qd2 c6 7. Bh6 Bxh6 8.
Qxh6 Qa5 9. Bd3 e5 10. dxe5 dxe5 11. Qg5 Nbd7 12. h4 Kg7 13. h5 h6 14. Qg3 g5
15. O-O-O Qc5 16. Nxg5 hxg5 17. Qxg5+ Kh8 18. g4 Rg8 19. Qh6+ Nh7 20. Rhg1 Qe7
21. g5 Rxg5 22. f4 Rxg1 23. Rxg1 Qf6 24. Qxf6+ Ndxf6 25. f5 Bd7 26. Bc4 Rg8 27.
Rh1 Be8 28. h6 Rg4 29. Rd1 Kg8 30. Rd8 Rh4 31. Ra8 Rxh6 32. Rxa7 b5 33. Bd3 Ng5
34. b4 Rh4 35. a4 bxa4 36. Rxa4 Ngxe4 37. Nxe4 Nxe4 38. b5 Rh1+ 39. Kb2 Nd6 40.
b6 Kg7 41. Ra7 Kf6 42. b7 Nxb7 43. Rxb7 Re1 44. Kc3 Ra1 45. Rc7 Ra5 46. Kb4 Rd5
47. Kc3 Bd7 48. Bc4 Rd4 49. Ra7 Ke7 50. Ra5 f6 51. Bd3 Rf4 52. Kd2 Bxf5 53. Be2
Be6 54. Ra7+ Kd6 55. Ke3 Bd5 56. Ra8 Ke6 57. Re8+ Kf5 58. Rf8 Rh4 59. Rc8 Rh3+
60. Kd2 Kf4 61. Rf8 f5 62. Rf6 Rh2 63. Ke1 Be4 64. c4 Ke3 65. Bf1 Rh1 66. Re6
Bd3 67. Rxe5+ Kd4 0-1

[Event "Sparkassen-Open A"]
[Site "Heusenstamm, Martinsee"]
[Date "2016.11.27"]
[Round "2.76"]
[White "Fröhlich-Dill, Astrid"]
[Black "Sanati, Charlotte"]
[Result "0-1"]
[WhiteElo "1827"]
[BlackElo "1961"]
[PlyCount "194"]
[EventDate "2016.??.??"]
[WhiteTeam "SV Hofheim"]
[BlackTeam "SG Trier"]

1. d4 d5 2. Nf3 Nf6 3. c4 c6 4. Bf4 e6 5. e3 Bd6 6. Bxd6 Qxd6 7. c5 Qc7 8. Ne5
O-O 9. Nd2 Nbd7 10. Ndf3 Ne4 11. Nxd7 Bxd7 12. Bd3 Qa5+ 13. Ke2 f5 14. Re1 Be8
15. Kf1 Bh5 16. Kg1 Rf6 17. Be2 Qc7 18. Rc1 f4 19. Ne5 fxe3 20. f3 Ng5 21. Qd3
Raf8 22. Qxe3 Nf7 23. Ng4 Bxg4 24. fxg4 e5 25. dxe5 Nxe5 26. Qg3 Rf4 27. Rf1
Ng6 28. Rxf4 Qxf4 29. Qxf4 Nxf4 30. Bf3 Re8 31. Rc2 Nd3 32. h4 Re1+ 33. Kh2 Rb1
34. b3 Rc1 35. Re2 Kf8 36. b4 Nxb4 37. Rb2 a5 38. a3 Na6 39. Rxb7 Nxc5 40. Rc7
Nd3 41. g5 Nf4 42. Kg3 Rc4 43. h5 Ne6 44. Ra7 a4 45. Ra8+ Ke7 46. Ra7+ Kd6 47.
h6 gxh6 48. gxh6 Nc7 49. Bg4 Re4 50. Bf5 Re7 51. Rxa4 Ke5 52. Bd3 Ne6 53. Rg4
c5 54. a4 c4 55. Bc2 d4 56. a5 d3 57. Rxc4 dxc2 58. Rxc2 Ra7 59. Re2+ Kf6 60.
Ra2 Kg6 61. Kg4 Nc5 62. Kf4 Nb7 63. Rb2 Kxh6 64. Rb6+ Kg7 65. a6 Nc5 66. Rc6
Nxa6 67. g4 Nb4 68. Rd6 Rc7 69. g5 Rc4+ 70. Kf5 Rc5+ 71. Kg4 Rc6 72. Rd7+ Kg6
73. Rd4 Nc2 74. Rf4 Ne3+ 75. Kf3 Nd5 76. Rh4 Rc3+ 77. Kf2 Rc7 78. Rd4 Rf7+ 79.
Kg3 Rf5 80. Rh4 Rxg5+ 81. Kf3 h5 82. Rd4 Nf6 83. Ra4 Rf5+ 84. Kg3 Kg5 85. Ra7
h4+ 86. Kg2 Nh5 87. Ra8 Nf4+ 88. Kh2 Rd5 89. Rg8+ Ng6 90. Ra8 Rd2+ 91. Kg1 h3
92. Ra5+ Kg4 93. Ra4+ Nf4 94. Ra1 Kg3 95. Rf1 Rg2+ 96. Kh1 Rh2+ 97. Kg1 Ne2#
0-1

[Event "Sparkassen-Open A"]
[Site "Heusenstamm, Martinsee"]
[Date "2016.11.27"]
[Round "2.77"]
[White "Seifert, Norbert"]
[Black "Lanz, Udo"]
[Result "1-0"]
[WhiteElo "1961"]
[BlackElo "1802"]
[PlyCount "85"]
[EventDate "2016.??.??"]
[WhiteTeam "vereinslos"]
[BlackTeam "VSG Offenbach"]

1. e4 c5 2. Nc3 Nc6 3. g3 g6 4. d3 Bg7 5. Be3 d6 6. Qd2 Nf6 7. Bh6 O-O 8. Bg2
e5 9. Nge2 Nd4 10. Bxg7 Kxg7 11. O-O Be6 12. Nd1 Rc8 13. Ne3 Ng4 14. Nxg4 Bxg4
15. f3 Be6 16. c3 Nxe2+ 17. Qxe2 f6 18. f4 Bd7 19. Rad1 Qe7 20. Rf2 Rf7 21. h3
b6 22. Qe3 Bc6 23. Qd2 Qc7 24. h4 h6 25. Bh3 Bd7 26. f5 g5 27. Qe2 Be8 28. Rh2
Rf8 29. Bg4 Bf7 30. b3 Rh8 31. Bh5 Bxh5 32. Qxh5 Qf7 33. Qf3 Rcg8 34. hxg5 hxg5
35. Rxh8 Rxh8 36. d4 Rc8 37. dxe5 dxe5 38. Rd6 Rc7 39. Qd1 Rb7 40. Kf2 Rc7 41.
Ke3 Rb7 42. Rd8 Rc7 43. Qh1 1-0

[Event "Sparkassen-Open A"]
[Site "Heusenstamm, Martinsee"]
[Date "2016.11.27"]
[Round "2.78"]
[White "Bunjaku, Lulzim"]
[Black "Iliev, Mustafa Batuhan"]
[Result "0-1"]
[WhiteElo "1788"]
[BlackElo "1959"]
[PlyCount "102"]
[EventDate "2016.??.??"]
[WhiteTeam "SC Heusenstamm"]
[BlackTeam "SV Großauheim"]

1. f4 Nf6 2. Nf3 g6 3. e3 Bg7 4. Bc4 O-O 5. O-O d6 6. Nc3 Nc6 7. a3 e5 8. fxe5
Nxe5 9. Be2 Qe7 10. d3 c6 11. e4 Nfd7 12. Bf4 Nxf3+ 13. Bxf3 Bd4+ 14. Kh1 Be5
15. Bxe5 dxe5 16. Qd2 Nc5 17. b4 Ne6 18. Ne2 a5 19. bxa5 Qc5 20. c3 Rd8 21. Bg4
Qxa5 22. Rf3 Qc5 23. Raf1 Rf8 24. Qh6 Qe7 25. Bxe6 Bxe6 26. Ng3 Bg4 27. R3f2 f6
28. h3 Be6 29. Qc1 Kg7 30. Rb2 Rf7 31. Rb4 Qd7 32. Rd1 Bxh3 33. Qb2 Bg4 34. Rd2
c5 35. Rb6 Qc7 36. Rf2 Bc8 37. c4 Ra6 38. Rb3 Rd6 39. Nf1 Qd8 40. Rf3 Bg4 41.
Rg3 Bc8 42. Ne3 Rd4 43. Nd5 f5 44. exf5 Rxf5 45. Ne3 Rh5+ 46. Kg1 Qh4 47. Rf3
Qe1+ 48. Nf1 Rdh4 49. Rxb7+ Kg8 50. Rh3 Rxh3 51. gxh3 Rg5+ 0-1

[Event "Sparkassen-Open A"]
[Site "Heusenstamm, Martinsee"]
[Date "2016.11.27"]
[Round "2.79"]
[White "Feicht, Arno"]
[Black "Falkenhainer, Sven"]
[Result "1-0"]
[WhiteElo "1957"]
[BlackElo "1781"]
[PlyCount "35"]
[EventDate "2016.??.??"]
[WhiteTeam "SV Alsfeld"]
[BlackTeam "SC Bergen-Enkheim"]

1. e4 e6 2. d4 d5 3. Nc3 Bb4 4. e5 c5 5. a3 cxd4 6. axb4 dxc3 7. Nf3 cxb2 8.
Bxb2 Ne7 9. Bd3 Bd7 10. O-O b5 11. Nd4 Qb6 12. Qe2 Nbc6 13. Nxb5 Nxb4 14. Nd6+
Kf8 15. Qh5 g6 16. Qf3 Nf5 17. Bxf5 exf5 18. Ba3 1-0

[Event "Sparkassen-Open A"]
[Site "Heusenstamm, Martinsee"]
[Date "2016.11.27"]
[Round "2.80"]
[White "Donecker, Stefan"]
[Black "Weil, Michael"]
[Result "0-1"]
[WhiteElo "1788"]
[BlackElo "1957"]
[PlyCount "72"]
[EventDate "2016.??.??"]
[WhiteTeam "TuS Dotzheim"]
[BlackTeam "SC Steinbach"]

1. d4 d5 2. Nc3 e6 3. Bf4 a6 4. e3 Nf6 5. h3 c5 6. g4 Qb6 7. Rb1 cxd4 8. exd4
Nc6 9. Nce2 Be7 10. c3 Ne4 11. Nf3 Bd7 12. Bg2 O-O 13. Nd2 f5 14. O-O g5 15.
Bh2 Nxd2 16. Qxd2 f4 17. Bf3 Be8 18. Rbe1 Na5 19. b4 Nc4 20. Qd1 Bb5 21. Kg2 a5
22. h4 axb4 23. hxg5 Bxg5 24. Rh1 Nb2 25. Qb1 bxc3 26. Nc1 Rf7 27. Re5 Bf6 28.
Rh5 Qxd4 29. Bg1 Bd3 30. Nxd3 Qxd3 31. Qe1 Ra6 32. g5 Rg7 33. Be2 Qd2 34. Kf1
Qxe1+ 35. Kxe1 c2 36. Kd2 Rc6 0-1

[Event "Sparkassen-Open A"]
[Site "Heusenstamm, Martinsee"]
[Date "2016.11.27"]
[Round "2.81"]
[White "Rutsatz, Mario"]
[Black "Zerhusen, Martin"]
[Result "1-0"]
[WhiteElo "1956"]
[BlackElo "1774"]
[PlyCount "47"]
[EventDate "2016.??.??"]
[WhiteTeam "SF Frankfurt"]
[BlackTeam "SV Oberursel"]

1. c4 c5 2. Nf3 Nc6 3. Nc3 d6 4. e3 Nf6 5. d4 cxd4 6. exd4 g6 7. d5 Nb8 8. Bd3
Bg7 9. Bg5 Bg4 10. h3 Bxf3 11. Qxf3 Nbd7 12. O-O Ne5 13. Qe2 Nxd3 14. Qxd3 O-O
15. Rfe1 Re8 16. Re2 b6 17. Rae1 Rb8 18. Nb5 Rb7 19. Qa3 Qd7 20. Bxf6 Bxf6 21.
Nxd6 Bxb2 22. Qa6 Qxd6 23. Qxb7 Bf6 24. Qxa7 1-0

[Event "Sparkassen-Open A"]
[Site "Heusenstamm, Martinsee"]
[Date "2016.11.27"]
[Round "2.82"]
[White "Nickel, Jonas"]
[Black "Budde, Michael"]
[Result "1-0"]
[WhiteElo "1777"]
[BlackElo "1954"]
[PlyCount "81"]
[EventDate "2016.??.??"]
[WhiteTeam "SG Wächtersbach"]
[BlackTeam "SC Flörsheim"]

1. d4 Nf6 2. Nf3 g6 3. Bf4 Bg7 4. e3 d6 5. h3 O-O 6. Nbd2 Nbd7 7. Bc4 Qe8 8.
Bh2 e5 9. dxe5 dxe5 10. e4 Qe7 11. Qe2 Ne8 12. O-O-O Nd6 13. Bd3 a6 14. Nc4
Nxc4 15. Bxc4 Nb6 16. Bb3 Bd7 17. Nd2 Bh6 18. Kb1 Bb5 19. c4 Ba4 20. Bxa4 Nxa4
21. h4 Rad8 22. Nf3 Qb4 23. Qc2 b5 24. cxb5 Rb8 25. Bxe5 Rxb5 26. Rd4 Qxb2+ 27.
Qxb2 Nxb2 28. Kc2 Rfb8 29. Rd5 Nc4 30. Bxc7 Rb2+ 31. Kd3 R8b7 32. Bg3 Nb6 33.
Rd8+ Kg7 34. Be5+ f6 35. Bxb2 Nd7 36. Bd4 Bf4 37. Ra8 Nb8 38. Ra7 Rxa7 39. Bxa7
Nc6 40. Rb1 a5 41. Bc5 1-0